000 00759nam a2200253 a 4500
001 BRL_1468
005 20190320211225.0
008 220114s1992----enkaob####---#000-0#eng-#
020 _a1871489113
041 _aeng
044 _aenk
050 4 _aF1213.M4
_b.M49 1992
245 1 0 _aMexico
_coriginated and developed by Bato Tomasevic ; text by Kenneth McKenney ; Design by Gane Aleksic.
260 _aLondon
_bFlint River
_c1992
300 _a288 p.
_bil., fotografías (a color), mapas
_c30 cm.
500 _aAu1724
500 _aIncluye índice
650 1 4 _aMéxico
_xDescripción y viajes
_911984
700 1 _aTomasevic, Bato
_927018
700 1 _aMcKenney, Kenneth
_927019
700 1 _aAleksic, Gane
_927020
902 _aGRL
942 _2lcc
_cB
999 _c10278
_d10278